| 000 | 00793nam a2200169 4500 | ||
|---|---|---|---|
| 008 | 150306b xxu||||| |||| 00| 0 eng d | ||
| 050 |
_aPN4129.15 _b.S67 2005 |
||
| 245 |
_aThe speaker's handbook / _cJo Sprague, Douglas Stuart |
||
| 250 | _a7th ed. | ||
| 260 |
_aBelmont, CA : _bThomson/Wadsworth, _cc2005 |
||
| 300 |
_aCD-ROM _c(4 3/4 in.) |
||
| 505 | _apt. 1: Foundation -- 1. Understanding speaking -- 2. Listening -- 3. Speaking ethics -- 4. Overcoming fear of speaking -- | ||
| 505 | _apt. 2: Preparation -- 5. Planning | ||
| 538 | _aSystem requirements for accompanying CD-ROM: Windows 98, ME, 2000, or XP (not NT); Pentium II 233 mhz; 32 MB RAM (64 MB recommended; or MAC OS 8.6 or later; PowerPC processor or later; 64 MB RAM | ||
| 650 | _xPublic speaking | ||
| 942 |
_2lcc _cCD |
||
| 999 |
_c44392 _d44392 |
||